| 000 | 00500nam a2200181Ia 4500 | ||
|---|---|---|---|
| 001 | 22892 | ||
| 005 | 20260414150901.0 | ||
| 008 | 260414t1991||||xx |||||||||||||| ||spa|| | ||
| 041 | _aESP | ||
| 082 |
_a624.17 _bD269 |
||
| 100 |
_aDoyle, James F. _eAUT |
||
| 245 | 0 |
_aStatic and dynamic analysis of structures : _bwith an emphasis on mechanics and computer matrix methods |
|
| 260 | _c1991 | ||
| 300 |
_axiv, 442 páginas : _c24 cm. |
||
| 650 | _a0 | ||
| 654 | _aCIC | ||
| 942 |
_cLIB _dJUS _fJUS _2ddc _n |
||
| 999 |
_c22892 _d22892 |
||